000 01637nam a2200349 a 4500
005 20240412113706.0
008 101001t1981||||ag a f |||| 001 0 spa d
020 _aS/N
041 _aspa
092 _c612.103
_l67
_sPIC
100 1 _aPichel, Ricardo H.
_93000
245 _aFunción ventricular.
_bConceptos básicos /
_cRicardo H. Pichel.
250 _a1a ed.
260 _aBuenos Aires:
_bInter-Médica;
_c1981.
300 _a256 p.
_bil.
500 _aPichel, R. H., Patritti, J. P. y Fuente, L. M. de la. (1981). Función ventricular. Conceptos básicos. (1a ed.). Buenos Aires : Inter-médica.
653 _aMagnitudes normalizadas
653 _aPropiedades de los materiales elásticos
653 _aMecánica del músculo papilar
653 _aAnálisis mecánicos de los modelso de Voigt y Maxwell
653 _aDeterminantes fundamentales de la función cardíaca. La precarga como factor gemétrico de la poscarga. Variaciones de la precarga
653 _aConfiguración anatomoangiográfica del ventrículo normal en las proyecciones radiológicas habituales
653 _aEvaluación cualitativa del ventriculograma izquierdo. Análisis crítico de la fracción de eyección. Determinación de los volumenes ventriculares
653 _aEvaluación regional de la función ventricular izquierda
653 _aMitad de sistole
653 _aReserva contráctil
653 _aAsinergia reversible
653 _aFunción ventricular izquierda y cirugía de revascularización directa del miocardio
700 1 _aPatritti, José P.
_93001
700 1 _aFuente, Luis M. de la
_93002
942 _2ddc
_cBK
999 _c2217
_d2217